Responses for Show #6125 - Friday, April 8, 2011

Christopher Short game 6.

Contestants

[<< previous game]

Anselm Chen, an educational consultant from Alamo, California

Kimberly Sheppard, a legal assistant from Fort Worth, Texas

Christopher Short, a pub trivia editor from Crawfordsville, Indiana (whose 5-day cash winnings total $68,399)

[next game >>]

Jeopardy! Round responses

IT BORDERS JUST ONE OTHER COUNTRY
21st CENTURY MUSIC
BABY NAMES A LA SHAKESPEARE
YES, THAT'S "WHITE"
WHEN THE SAINTS
COME, HO CHI MINH
    $200 14
the United States

Anselm
    $200 6
Fergie

Christopher
    $200 19
Ophelia

Anselm
    $200 1
whitewater

Christopher
    $200 11
Peru

Christopher
    $200 26
(Kimberly: What is Ho Chi Minh City?)

Hanoi

KimberlyAnselm
    $400 15
North Korea

Kimberly
    $400 7
Ne-Yo

Christopher
    $400 22
Portia

Christopher
    $400 2
a white sauce

Triple Stumper
    $400 12
St. Augustine

Christopher
    $400 27
France

Anselm
    $1,000 16
Germany

Kimberly
    $600 8
Legend

Christopher
    $600 23
Iago

Christopher
    $600 3
a whiteout

Christopher
    $600 13
Cyrillic

Kimberly
    $600 30
Laos

Kimberly
    $800 17
Italy

Kimberly
    $800 9
the White Stripes

Christopher
    $800 24
Katherine

Kimberly
    $800 4
a white knight

Christopher
    $800 20
Simon Templar

Christopher
    $800 29
uncle

Kimberly
    $1000 18
(Anselm: What is Indonesia?)
(Kimberly: What is Papua New Guinea?)

Malaysia

KimberlyAnselm
Triple Stumper
    $1000 10
Nickelback

Christopher
    $1000 25
Octavia

Kimberly
    $1000 5
(Christopher: What is White Russian?)

White Lightning

Christopher
Triple Stumper
    $1000 21
(Kimberly: What is voodoo?)

Santería

Kimberly
Triple Stumper
    $1000 28
Nguyen

Anselm

Scores at the first commercial break (after clue 16):

Christopher Kimberly Anselm
$4,200 $2,000 $200

Scores at the end of the Jeopardy! Round:

Christopher Kimberly Anselm
$6,000 $4,200 $600

Double Jeopardy! Round responses

BALLETS WE'VE NEVER ASKED ABOUT BEFORE
BEST MOVIE QUOTES EVER!
6 CHARACTERS IN SEARCH OF AN AUTHOR
(Alex: You identify the authors.)
SYRIA'S EATING
UP IN THE AIR
ABBREV.
    $400 26
pas de deux

Anselm
    $400 7
Bonnie and Clyde

Christopher
    $400 5
(Alex: Yes, now's the time for that author!)

Dumas

Anselm
    $400 21
KFC

Christopher
    $400 16
(Kimberly: What is air pressure?)

the temperature

Kimberly
Triple Stumper
    $400 12
weapons of mass destruction

Kimberly
    $800 28
Harlem

Kimberly
    $800 8
Monty Python and the Holy Grail

Kimberly
    $800 4
(John) Updike

Christopher
    $800 22
lamb

Christopher
    $800 17
trade winds

Christopher
    $800 6
the National Rifle Association

Kimberly
    $1200 29
(Christopher: What is good faith?)

the good fairy

Christopher
Triple Stumper
    $1200 9
Austin Powers: The Spy Who Shagged Me

Christopher
    $1200 3
(Anselm: Who is... Dumas?)

(Victor) Hugo

KimberlyAnselm
    $1200 23
fish

Anselm
    $1200 18
stratus

Christopher
    $1200 13
dots per inch

Christopher
    $1600 30
Shiva

Anselm
    $1600 10
Office Space

Christopher
    $1600 2
Emily Brontë

Kimberly
    $1600 25
spinach

Christopher
    $1600 19
turbulence

Kimberly
    $1600 14
Federal Deposit Insurance Corporation

Christopher
    $2000 27
Berkeley

Christopher
    $2000 11
The African Queen

Kimberly
    $2,000 1
(Anselm: What is The Tin Drum?)
(Alex: No. You had the wrong work also. [*] We're going for the author--All Quiet on the Western Front.)

Erich Maria Remarque

Anselm
    $2000 24
rosewater

Christopher
    $2000 20
mesosphere

Christopher
    $4,000 15
Central American Free Trade Agreement

Christopher

Scores at the end of the Double Jeopardy! Round:

Christopher Kimberly Anselm
$26,400 $13,000 $1,000
(lock game)

[wagering suggestions for these scores]

Final Jeopardy! Round responses

THE METROPOLITAN MUSEUM OF ART
(Alex: You had to figure out which European country was very important in the early development of New York City.)
AnselmWhat is Italy?
$0
KimberlyWhat is Italy?
$10,999
ChristopherWhat is the answer
$47
the Netherlands

Final scores:

Christopher Kimberly Anselm
$26,353 $2,001 $1,000
6-day champion: $94,752 2nd place: $2,000 3rd place: $1,000

Game dynamics:

Coryat scores:

Christopher Kimberly Anselm
$24,400 $12,600 $3,000
28 R
(including 1 DD),
2 W
17 R
(including 1 DD),
3 W
8 R,
4 W
(including 1 DD)

Combined Coryat: $40,000

[game clues] [game scores] [suggest correction]

Game tape date: 2010-12-01
The J! Archive is created by fans, for fans. Scraping, republication, monetization, and malicious use prohibited; this site may use cookies and collect identifying information. See terms. The Jeopardy! game show and all elements thereof, including but not limited to copyright and trademark thereto, are the property of Jeopardy Productions, Inc. and are protected under law. This website is not affiliated with, sponsored by, or operated by Jeopardy Productions, Inc. Join the discussion at JBoard.tv.